Llwytho...
Njanenna Bharatheeyan
| Prif Awdur: | |
|---|---|
| Fformat: | Printed Book |
| Iaith: | Undetermined |
| Cyhoeddwyd: |
Kozhikode :
Mathrubhumi Printing & Publishing Co.,
2016
|
| Pynciau: |
| LEADER | 00485nam a2200145Ia 4500 | ||
|---|---|---|---|
| 008 | 200324s9999 xx 000 0 und d | ||
| 082 | |a 928 |b MOH-N | ||
| 100 | |a Mohammed,K.K | ||
| 245 | 0 | |a Njanenna Bharatheeyan | |
| 260 | |a Kozhikode : |b Mathrubhumi Printing & Publishing Co., |c 2016 | ||
| 300 | |a 141p. | ||
| 650 | |a Autobiography | ||
| 942 | |c BK | ||
| 999 | |c 287460 |d 287460 | ||
| 952 | |0 0 |1 0 |4 0 |6 928_000000000000000_MOHN |7 0 |9 305997 |a SDE |b SDE |d 2018-11-13 |l 0 |o 928 MOH-N |p SDE23411 |r 2020-03-27 |w 2020-03-27 |y BK | ||